[Event "Barcelona Holy Week"]
[Site "Barcelona"]
[Date "2024.04.01"]
[Round "9"]
[White "Ryan, Joseph"]
[Black "Mompel Ferruz, Xavier"]
[Result "1/2-1/2"]
[WhiteElo "2240"]
[BlackElo "2315"]
[PlyCount "154"]
[EventDate "2024.03.28"]
[EventType "tourn"]
[EventRounds "9"]
[EventCountry "ESP"]
[SourceTitle "CB14_2024"]
[SourceDate "2024.04.01"]
[SourceVersion "1"]
[SourceVersionDate "2024.04.01"]
[SourceQuality "1"]

1. e4 c5 2. Nf3 d6 3. Bb5+ Nd7 4. d4 cxd4 5. Qxd4 a6 6. Bxd7+ Bxd7 7. Nc3 e6 8. Bg5 Qc7 9. 0-0-0 Rc8 10. Rhe1 f6 11. Be3 Be7 12. Qd3 b5 13. a3 Qc4 14. Nd4 Qxd3 15. Rxd3 g5 16. f3 Nh6 17. g3 Nf7 18. f4 h5 19. f5 e5 20. Nde2 Bc6 21. Nd5 Bxd5 22. Rxd5 Rc4 23. Nc3 Bd8 24. Rd3 Ba5 25. b4 Bd8 26. Bf2 g4 27. Be3 h4 28. Bd2 h3 29. Nd5 Rg8 30. Kb2 Kd7 31. Kb3 Ng5 32. Bxg5 Rxg5 33. a4 Kc6 34. axb5+ axb5 35. Rc3 Rxc3+ 36. Kxc3 Rxf5 37. exf5 Kxd5 38. Kd3 Bb6 39. Re4 Bg1 40. Rxg4 Bxh2 41. Rh4 Bxg3 42. Rxh3 Bf4 43. Rh8 e4+ 44. Ke2 Bg5 45. Rc8 Bf4 46. c4+ bxc4 47. b5 Ke5 48. Rxc4 d5 49. Rc5 Kxf5 50. Rxd5+ Ke6 51. Rd4 Be5 52. Rxe4 Kd5 53. Rb4 f5 54. Kd3 Kc5 55. Rb1 f4 56. Ke4 Bb8 57. b6 Kc6 58. b7 Kc5 59. Rb3 Kc6 60. Kd4 Ba7+ 61. Ke4 Bb8 62. Rb1 Kc5 63. Rb3 Kc6 64. Kd4 Ba7+ 65. Kc4 Bb8 66. Rb5 f3 67. Rf5 Kxb7 68. Kb5 f2 69. Rf7+ Ka8 70. Kb6 f1Q 71. Rxf1 Ba7+ 72. Kc6 Bb8 73. Rb1 Ba7 74. Kc7 Be3 75. Re1 Bf4+ 76. Kc8 Bb8 77. Rb1 Ba7 1/2-1/2

[Event "Titled Tuesday intern op 12th Mar Late"]
[Site "Chess.com INT"]
[Date "2024.03.12"]
[Round "5"]
[White "Ryan, Joseph"]
[Black "Mujumdar, Sameer Suhas"]
[Result "0-1"]
[WhiteElo "2240"]
[BlackElo "2048"]
[PlyCount "74"]
[EventDate "2024.03.12"]
[EventType "swiss (blitz)"]
[EventRounds "11"]
[EventCountry "USA"]
[SourceTitle "CB12_2024"]
[SourceDate "2023.10.01"]
[SourceVersion "1"]
[SourceVersionDate "2023.10.01"]
[SourceQuality "1"]

1. e4 c6 2. Nf3 d5 3. d3 Bg4 4. h3 Bxf3 5. Qxf3 e6 6. Nd2 Nd7 7. g3 Ngf6 8. Bg2 Bc5 9. 0-0 0-0 10. Qe2 a5 11. a4 dxe4 12. Nxe4 Nxe4 13. Qxe4 Nf6 14. Qh4 Qb6 15. b3 Bd4 16. Rb1 Rad8 17. Bg5 h6 18. Bxf6 Bxf6 19. Qe4 Rd4 20. Qe2 Rfd8 21. Kh2 Qc7 22. f4 g6 23. Rbe1 Kg7 24. Be4 b5 25. h4 h5 26. Qf3 bxa4 27. bxa4 Rxa4 28. Bxc6 Ra2 29. Re2 Rc8 30. Be4 Rxc2 31. Rff2 Rxe2 32. Rxe2 a4 33. g4 hxg4 34. Qxg4 Rh8 35. Kg3 Rxh4 36. Qf3 Rxf4 37. Qe3 Rxe4+ 0-1

[Event "Titled Tuesday intern op 27th Feb Late"]
[Site "Chess.com INT"]
[Date "2024.02.27"]
[Round "1"]
[White "Ryan, Joseph"]
[Black "Domalchuk Jonasson, Aleksandr"]
[Result "0-1"]
[WhiteElo "2232"]
[BlackElo "2362"]
[PlyCount "82"]
[EventDate "2024.02.27"]
[EventType "swiss (blitz)"]
[EventRounds "11"]
[EventCountry "USA"]
[SourceTitle "CB10_2024"]
[SourceDate "2024.03.06"]
[SourceVersion "1"]
[SourceVersionDate "2024.03.06"]
[SourceQuality "1"]

1. e4 a6 2. d4 c6 3. Nf3 d5 4. Nbd2 Bg4 5. Bd3 e6 6. h3 Bh5 7. c3 c5 8. exd5 Qxd5 9. Qb3 Nf6 10. Bc4 Qd7 11. Ne5 Qc8 12. 0-0 Bd6 13. Ndf3 0-0 14. Be3 Nbd7 15. Bxe6 cxd4 16. Nxd7 Nxd7 17. Nxd4 Qc7 18. Bd5 Rab8 19. Bf3 Bxf3 20. Nxf3 Nf6 21. Rad1 Rfd8 22. Rd2 h6 23. Rfd1 b5 24. Nd4 Ne4 25. Rd3 Nc5 26. Qc2 Nxd3 27. Rxd3 Be5 28. Nf5 Rxd3 29. Qxd3 Rd8 30. Qe2 b4 31. c4 Bxb2 32. g3 Bf6 33. Qg4 Kf8 34. c5 Rd5 35. Qe4 Qe5 36. Qc2 Qxf5 37. Qa4 Qb1+ 38. Kh2 Rd1 39. c6 Qe4 40. Bc5+ Kg8 41. Qxd1 Qxc6 0-1

[Event "Barcelona Tancat"]
[Site "Barcelona"]
[Date "2024.01.06"]
[Round "9"]
[White "Ryan, Joseph"]
[Black "Mompel Ferruz, Xavier"]
[Result "1/2-1/2"]
[WhiteElo "2218"]
[BlackElo "2148"]
[PlyCount "54"]
[EventDate "2024.01.02"]
[EventType "tourn"]
[EventRounds "9"]
[EventCountry "ESP"]
[EventCategory "1"]
[SourceTitle "CB02_2024"]
[SourceDate "2024.01.10"]
[SourceVersion "1"]
[SourceVersionDate "2024.01.10"]
[SourceQuality "1"]

1. e4 c5 2. Nf3 d6 3. Bb5+ Nd7 4. c3 Ngf6 5. Qe2 a6 6. Ba4 b5 7. Bc2 c4 8. b3 Qc7 9. bxc4 bxc4 10. Na3 Nb6 11. e5 dxe5 12. Nxe5 Be6 13. 0-0 g6 14. Rb1 Bg7 15. Re1 0-0 16. h3 Nfd5 17. Nf3 Nf4 18. Qf1 Rad8 19. Ng5 Bd5 20. Be4 h6 21. Bxd5 Rxd5 22. Nf3 Rf5 23. Re3 Nfd5 24. Re4 Nf6 25. Re3 Nfd5 26. Re4 Nf6 27. Re3 Nfd5 1/2-1/2

[Event "Barcelona Tancat"]
[Site "Barcelona"]
[Date "2024.01.04"]
[Round "6"]
[White "Sviridenko, Yaroslav"]
[Black "Ryan, Joseph"]
[Result "0-1"]
[WhiteElo "2014"]
[BlackElo "2218"]
[PlyCount "38"]
[EventDate "2024.01.02"]
[EventType "tourn"]
[EventRounds "9"]
[EventCountry "ESP"]
[EventCategory "1"]
[SourceTitle "CB02_2024"]
[SourceDate "2024.01.10"]
[SourceVersion "1"]
[SourceVersionDate "2024.01.10"]
[SourceQuality "1"]

1. e4 e5 2. Nf3 Nc6 3. Nc3 Bc5 4. Nxe5 Nxe5 5. d4 Bd6 6. dxe5 Bxe5 7. Bc4 Nf6 8. 0-0 0-0 9. Re1 Re8 10. Bg5 h6 11. Bh4 d6 12. f4 Bxf4 13. Bxf6 Qxf6 14. Nd5 Qh4 15. Nxc7 Qxh2+ 16. Kf1 Qh1+ 17. Kf2 Qh4+ 18. Kg1 Bg4 19. Be2 Be3+ 0-1

[Event "Barcelona Tancat"]
[Site "Barcelona"]
[Date "2024.01.03"]
[Round "4"]
[White "Aloma Vidal, Roberto"]
[Black "Ryan, Joseph"]
[Result "1-0"]
[WhiteElo "2446"]
[BlackElo "2218"]
[PlyCount "85"]
[EventDate "2024.01.02"]
[EventType "tourn"]
[EventRounds "9"]
[EventCountry "ESP"]
[EventCategory "1"]
[SourceTitle "CB02_2024"]
[SourceDate "2024.01.10"]
[SourceVersion "1"]
[SourceVersionDate "2024.01.10"]
[SourceQuality "1"]

1. c4 e6 2. g3 d5 3. Bg2 Nf6 4. Nf3 Be7 5. 0-0 0-0 6. d4 c6 7. Nc3 b6 8. Ne5 Bb7 9. e4 Nbd7 10. Nxc6 Bxc6 11. exd5 exd5 12. cxd5 Bb7 13. d6 Bxg2 14. dxe7 Qxe7 15. Kxg2 a6 16. Re1 Qb4 17. a3 Qc4 18. Be3 Nd5 19. Rc1 Nxc3 20. Rxc3 Qd5+ 21. Qf3 Nf6 22. Rc6 Qxf3+ 23. Kxf3 Nd5 24. Bf4 Rfd8 25. Bd6 Re8 26. Re5 Nf6 27. Rxb6 Red8 28. Be7 Rxd4 29. Bxf6 gxf6 30. Rxf6 a5 31. Rg5+ Kf8 32. Rh6 Rb8 33. Rxh7 Rb3+ 34. Kg2 a4 35. h4 Rxb2 36. h5 Rb3 37. h6 Rd6 38. Re5 Kg8 39. Rg7+ Kf8 40. Rf5 Rxh6 41. Rfxf7+ Ke8 42. Ra7 Kf8 43. Rgc7 1-0

[Event "Barcelona Tancat"]
[Site "Barcelona"]
[Date "2024.01.02"]
[Round "1"]
[White "Masague Artero, Guerau"]
[Black "Ryan, Joseph"]
[Result "1/2-1/2"]
[WhiteElo "2324"]
[BlackElo "2218"]
[PlyCount "149"]
[EventDate "2024.01.02"]
[EventType "tourn"]
[EventRounds "9"]
[EventCountry "ESP"]
[EventCategory "1"]
[SourceTitle "CB02_2024"]
[SourceDate "2024.01.10"]
[SourceVersion "1"]
[SourceVersionDate "2024.01.10"]
[SourceQuality "1"]

1. d4 Nf6 2. c4 e6 3. Nf3 d5 4. g3 Bb4+ 5. Bd2 Be7 6. Bg2 0-0 7. 0-0 c6 8. Bc3 Nbd7 9. Nbd2 b6 10. b4 Bb7 11. Qb3 Qc7 12. Rfc1 Rac8 13. Rab1 Qb8 14. a4 Rc7 15. e3 Qa8 16. Ne1 Rb8 17. Qa2 h6 18. a5 b5 19. a6 Bc8 20. c5 Nf8 21. Nd3 Bd7 22. e4 Be8 23. Re1 dxe4 24. Nxe4 Nd5 25. Bd2 f6 26. Bf4 Nxf4 27. Nxf4 Bf7 28. Qe2 Rd8 29. Red1 Qc8 30. Nc3 Qxa6 31. Ra1 Qc8 32. Bh3 f5 33. Bg2 Bf6 34. Qe3 Rcd7 35. Nfe2 Bh5 36. f4 Bxe2 37. Nxe2 Kf7 38. Qf3 Rc7 39. Ra3 Rdd7 40. h4 Qd8 41. Ra6 Bxd4+ 42. Kh2 Bf6 43. Rxd7+ Qxd7 44. Rxc6 Rxc6 45. Qxc6 Qxc6 46. Bxc6 Bd8 47. Bxb5 a5 48. bxa5 Bxa5 49. Nd4 Bb4 50. c6 Ba5 51. Bc4 Ke7 52. Nb5 Kd8 53. Kg2 Bc7 54. Kf3 e5 55. Nxc7 e4+ 56. Ke3 Kxc7 57. Kd4 Kxc6 58. Ke5 e3 59. Kxf5 Kd6 60. Ke4 Ke7 61. g4 g5 62. fxg5 hxg5 63. hxg5 Ne6 64. g6 Kf6 65. Kxe3 Nf8 66. Bd3 Nxg6 67. Bxg6 Kxg6 68. Kf4 Kf6 69. g5+ Kg6 70. Kg4 Kg7 71. Kf5 Kf7 72. g6+ Kg7 73. Kg5 Kg8 74. Kh6 Kh8 75. g7+ 1/2-1/2

[Event "Barcelona Tancat"]
[Site "Barcelona"]
[Date "2024.01.02"]
[Round "2"]
[White "Ryan, Joseph"]
[Black "Villa Tornero, Alex"]
[Result "0-1"]
[WhiteElo "2218"]
[BlackElo "2321"]
[PlyCount "116"]
[EventDate "2024.01.02"]
[EventType "tourn"]
[EventRounds "9"]
[EventCountry "ESP"]
[EventCategory "1"]
[SourceTitle "CB02_2024"]
[SourceDate "2024.01.10"]
[SourceVersion "1"]
[SourceVersionDate "2024.01.10"]
[SourceQuality "1"]

1. e4 c5 2. Nf3 e6 3. c3 Nf6 4. e5 Nd5 5. g3 Nc6 6. Bg2 d6 7. exd6 Bxd6 8. 0-0 0-0 9. d4 cxd4 10. Nxd4 Bd7 11. c4 Nb6 12. Nxc6 Bxc6 13. Bxc6 bxc6 14. Qe2 Qe7 15. Nd2 f5 16. b3 Nd7 17. Bb2 e5 18. f3 Rae8 19. Kg2 Qg5 20. Rad1 Nf6 21. Ne4 fxe4 22. Rxd6 exf3+ 23. Rxf3 Ng4 24. h4 Qh5 25. Kh3 Nf6 26. Rf2 Qg6 27. Rxc6 Qf7 28. Rd6 Qb7 29. Rd1 Qc8+ 30. Kg2 Ng4 31. Rf3 Rxf3 32. Qxf3 Rf8 33. Qd5+ Kh8 34. Bc1 Nf2 35. Qd7 Nxd1 36. Qxd1 Qc6+ 37. Kh3 Qe4 38. Ba3 Qf5+ 39. g4 Qf1+ 40. Qxf1 Rxf1 41. Bd6 e4 42. Kg2 Rd1 43. c5 Rd2+ 44. Kf1 Kg8 45. b4 Kf7 46. a4 Ke6 47. Bb8 Ra2 48. b5 Rxa4 49. Ke2 Rb4 50. Bxa7 Rxb5 51. Ke3 Kd5 52. c6 Rb3+ 53. Ke2 Kxc6 54. Bd4 g6 55. Be3 Kd5 56. h5 Rb2+ 57. Ke1 Kc4 58. Bc1 Rb1 0-1

[Event "Titled Tuesday intern op 29th Aug Late"]
[Site "Chess.com INT"]
[Date "2023.08.29"]
[Round "2"]
[White "Ryan, Joseph"]
[Black "Bressy, Theo"]
[Result "0-1"]
[WhiteElo "2218"]
[BlackElo "2183"]
[PlyCount "98"]
[EventDate "2023.08.29"]
[EventType "swiss (blitz)"]
[EventRounds "11"]
[EventCountry "USA"]
[SourceTitle "EXT 2024"]
[Source "ChessBase"]
[SourceDate "2023.10.10"]
[SourceVersion "1"]
[SourceVersionDate "2023.10.10"]
[SourceQuality "1"]

1. e4 e6 2. d4 d5 3. Nc3 Nf6 4. Bg5 Be7 5. e5 Nfd7 6. Bxe7 Qxe7 7. f4 a6 8. Nf3 c5 9. dxc5 Nc6 10. Qd2 Qxc5 11. 0-0-0 b5 12. Kb1 Nb6 13. Nd4 b4 14. Nxc6 bxc3 15. Qxc3 Qxc3 16. bxc3 Bd7 17. Nd4 Ke7 18. Kc1 Rhc8 19. Kd2 Na4 20. Ne2 Bb5 21. Rb1 Ra7 22. Rb3 Rac7 23. h4 Nc5 24. Rb1 Ne4+ 25. Kc1 Bxe2 26. Bxe2 Rxc3 27. Rb7+ Kf8 28. Rb2 a5 29. Bf3 Nf2 30. Rf1 Nd3+ 31. Kb1 Nxb2 32. Kxb2 Rxc2+ 33. Kb3 a4+ 34. Kxa4 Rb2 35. Ka3 Rb6 36. Bd1 Ra8+ 37. Ba4 Rba6 38. Rc1 Rxa4+ 39. Kb3 Rxa2 40. Rc7 g6 41. g4 R2a3+ 42. Kb4 R3a4+ 43. Kc5 Rxf4 44. Kd6 Ra6+ 45. Kd7 Kg7 46. g5 d4 47. Ke8 d3 48. h5 gxh5 49. Rxf7+ Rxf7 0-1

[Event "Titled Tuesday intern op 29th Aug Late"]
[Site "Chess.com INT"]
[Date "2023.08.29"]
[Round "5"]
[White "Ryan, Joseph"]
[Black "Novikova, Galina"]
[Result "0-1"]
[WhiteElo "2218"]
[BlackElo "2073"]
[PlyCount "118"]
[EventDate "2023.08.29"]
[EventType "swiss (blitz)"]
[EventRounds "11"]
[EventCountry "USA"]
[SourceTitle "EXT 2024"]
[Source "ChessBase"]
[SourceDate "2023.10.10"]
[SourceVersion "1"]
[SourceVersionDate "2023.10.10"]
[SourceQuality "1"]

1. e4 e6 2. d4 d5 3. e5 c5 4. c3 Nc6 5. Nf3 Bd7 6. a3 Qc7 7. b4 c4 8. Bf4 f6 9. Nbd2 h6 10. Bg3 f5 11. h4 0-0-0 12. h5 Nge7 13. Bf4 Kb8 14. g3 Nc8 15. a4 Be8 16. a5 g5 17. hxg6 Bxg6 18. Qa4 Be8 19. b5 N6e7 20. b6 Qc6 21. Qxc6 Bxc6 22. bxa7+ Nxa7 23. Be2 Nb5 24. Nb1 Ng6 25. Bd2 Kc7 26. Bc1 Be7 27. Kd2 f4 28. g4 Bg5 29. Na3 Ra8 30. Nxb5+ Bxb5 31. Ba3 Rxa5 32. Bd6+ Kb6 33. Bc5+ Ka6 34. Rxa5+ Kxa5 35. Rb1 Be7 36. Bxe7 Nxe7 37. Bd1 Rg8 38. Nh4 Ng6 39. Nxg6 Rxg6 40. Ra1+ Kb6 41. Ra8 Bc6 42. Rh8 Kc7 43. Rh7+ Kb6 44. Ke1 Ka6 45. f3 b5 46. Bc2 Rg8 47. Rxh6 Re8 48. g5 b4 49. cxb4 Kb5 50. Kd2 Kxb4 51. g6 c3+ 52. Ke2 Bb5+ 53. Bd3 c2 54. Rh1 Bxd3+ 55. Kxd3 Kb3 56. g7 Rg8 57. Rg1 Kb2 58. Kd2 Rxg7 59. Rc1 Rg2+ 0-1

[Event "Titled Tuesday intern op 30th May Early"]
[Site "Chess.com INT"]
[Date "2023.05.30"]
[Round "2"]
[White "Martine, Jean Christophe"]
[Black "Ryan, Joseph"]
[Result "0-1"]
[WhiteElo "2008"]
[BlackElo "2218"]
[PlyCount "72"]
[EventDate "2023.05.30"]
[EventType "swiss (blitz)"]
[EventRounds "11"]
[EventCountry "USA"]
[SourceTitle "CBM 214 Extra"]
[Source "ChessBase"]
[SourceDate "2023.07.31"]
[SourceVersion "1"]
[SourceVersionDate "2023.07.31"]
[SourceQuality "1"]

1. c4 e6 2. Nc3 b6 3. Nf3 Bb7 4. g3 Bxf3 5. exf3 c5 6. Bg2 Nc6 7. 0-0 g6 8. a3 Bg7 9. Rb1 Nge7 10. b4 0-0 11. bxc5 bxc5 12. Ne4 d6 13. Qa4 Rb8 14. Rb5 Nd4 15. Ra5 Nec6 16. Ra6 Qc7 17. f4 Rb1 18. Nc3 Rb6 19. Nb5 Nxb5 20. cxb5 Nd4 21. Rxa7 Qb8 22. Re1 Rxb5 23. d3 Rb1 24. Bd2 Rxe1+ 25. Bxe1 Qb1 26. Qa5 Nb3 27. Rb7 Qd1 28. Rxb3 Qxb3 29. Bc6 h5 30. a4 Qxd3 31. Qc7 Bd4 32. a5 Qe2 33. Qxd6 Qxe1+ 34. Kg2 Qxf2+ 35. Kh3 Qa2 36. Bb5 Bg1 0-1

[Event "Titled Tuesday intern op 30th May Early"]
[Site "Chess.com INT"]
[Date "2023.05.30"]
[Round "9"]
[White "Ryan, Joseph"]
[Black "Samaganova, Alexandra"]
[Result "0-1"]
[WhiteElo "2218"]
[BlackElo "1856"]
[PlyCount "112"]
[EventDate "2023.05.30"]
[EventType "swiss (blitz)"]
[EventRounds "11"]
[EventCountry "USA"]
[SourceTitle "CBM 214 Extra"]
[Source "ChessBase"]
[SourceDate "2023.07.31"]
[SourceVersion "1"]
[SourceVersionDate "2023.07.31"]
[SourceQuality "1"]

1. e4 c5 2. a3 e6 3. Nc3 a6 4. Bc4 b5 5. Ba2 Bb7 6. d3 Qc7 7. Nf3 Nf6 8. 0-0 Nc6 9. d4 cxd4 10. Nxd4 Be7 11. Re1 d6 12. Nxc6 Bxc6 13. Bf4 0-0 14. Qd2 Rfd8 15. Rad1 Qb7 16. Qe3 Rac8 17. f3 a5 18. Kh1 b4 19. axb4 axb4 20. Ne2 d5 21. e5 Nd7 22. Nd4 Bc5 23. c3 Ra8 24. Bb1 Bxd4 25. cxd4 Nf8 26. Bg3 Ba4 27. b3 Bb5 28. Rc1 Rdc8 29. Rc5 Ra3 30. Rec1 Rxc5 31. dxc5 Bc4 32. Bc2 Qa7 33. Qg5 Bxb3 34. Bxb3 Rxb3 35. c6 Rc3 36. h4 Qc5 37. Rxc3 bxc3 38. Qd8 c2 39. Bf4 c1Q+ 40. Bxc1 Qxc1+ 41. Kh2 Qxc6 42. h5 Qc4 43. Kg3 h6 44. Qe7 Qc3 45. Qd6 Qe1+ 46. Kg4 Qf2 47. g3 Qd4+ 48. f4 Qd1+ 49. Kh4 Qh1+ 50. Kg4 Qe4 51. Qd8 Qf5+ 52. Kh4 Qe4 53. Kg4 d4 54. Kh4 d3 55. Kg4 Qe2+ 56. Kh4 d2 0-1

[Event "Sitges Sunway op 9th"]
[Site "Sitges"]
[Date "2022.12.16"]
[Round "5"]
[White "Karadzhov, Ivan"]
[Black "Ryan, Joseph"]
[Result "0-1"]
[WhiteElo "2024"]
[BlackElo "2249"]
[PlyCount "62"]
[EventDate "2022.12.12"]
[EventType "swiss"]
[EventRounds "10"]
[EventCountry "ESP"]
[SourceTitle "CBM 211 Extra"]
[Source "ChessBase"]
[SourceDate "2023.01.31"]
[SourceVersion "1"]
[SourceVersionDate "2023.01.31"]
[SourceQuality "1"]

1. d4 Nf6 2. c4 e6 3. g3 Bb4+ 4. Bd2 Qe7 5. Bg2 0-0 6. Nf3 Bxd2+ 7. Nbxd2 d6 8. 0-0 e5 9. e4 Bg4 10. Qb3 Bxf3 11. Nxf3 c5 12. dxe5 dxe5 13. Nh4 g6 14. f4 Nc6 15. fxe5 Nxe5 16. Qe3 Rfe8 17. h3 Rad8 18. Nf5 gxf5 19. Rxf5 Nfd7 20. Raf1 Kh8 21. Qc3 f6 22. g4 Rg8 23. Kh1 Rg5 24. R5f2 Rdg8 25. b3 Qg7 26. Qd2 h5 27. gxh5 Rxh5 28. Rf5 Rg5 29. R1f4 Qh6 30. Bf1 Rg1+ 31. Kh2 Nf3+ 0-1

[Event "Sitges Sunway op 9th"]
[Site "Sitges"]
[Date "2022.12.13"]
[Round "2"]
[White "Ryan, Joseph"]
[Black "Abdisalimov, Abdimalik"]
[Result "0-1"]
[WhiteElo "2249"]
[BlackElo "2447"]
[PlyCount "126"]
[EventDate "2022.12.12"]
[EventType "swiss"]
[EventRounds "10"]
[EventCountry "ESP"]
[SourceTitle "CBM 211 Extra"]
[Source "ChessBase"]
[SourceDate "2023.01.31"]
[SourceVersion "1"]
[SourceVersionDate "2023.01.31"]
[SourceQuality "1"]

1. e4 c5 2. Nf3 d6 3. d4 cxd4 4. Nxd4 Nf6 5. Nc3 a6 6. g3 e6 7. Bg2 Be7 8. 0-0 0-0 9. Be3 Nbd7 10. a4 Qc7 11. a5 Ne5 12. Nb3 Nc4 13. Bc1 Nd7 14. Qe2 Bf6 15. Nd1 Rb8 16. Ra2 b5 17. axb6 Ndxb6 18. f4 Bd7 19. Rf3 e5 20. f5 d5 21. Nf2 Bb5 22. Qe1 Rfd8 23. Ng4 Qe7 24. Nxf6+ Qxf6 25. exd5 Nxd5 26. h4 Qb6+ 27. Kh2 Bc6 28. Nd2 Nce3 29. Rxe3 Nxe3 30. Bxc6 Nxc2 31. Qxe5 Qxc6 32. Qc3 Qd5 33. Nc4 Qxf5 34. Bf4 Rbc8 35. b3 Nd4 36. Ra5 Qe4 37. Qe3 Qc2+ 38. Kh3 Qxb3 39. Ne5 Qe6+ 40. Ng4 Qxe3 41. Nxe3 Rc6 42. Nd5 Kf8 43. Nb4 Rc4 44. Nxa6 Ne6 45. Be3 Ra8 46. Ra2 h5 47. Nb4 Rxa2 48. Nxa2 Nd4 49. Nc1 f6 50. Bf4 Ne6 51. Bd6+ Kf7 52. Ne2 g5 53. hxg5 fxg5 54. Kg2 Rc2 55. Kf3 Kg6 56. Bb8 Kf5 57. g4+ hxg4+ 58. Ke3 Kg6 59. Ng3 Ng7 60. Ke4 Rf2 61. Ke3 Rf3+ 62. Ke2 Nh5 63. Ne4 Nf4+ 0-1

[Event "IRL-ch 101st"]
[Site "Dublin"]
[Date "2022.07.07"]
[Round "6"]
[White "Li, Henry"]
[Black "Ryan, Joseph"]
[Result "1-0"]
[WhiteElo "2319"]
[BlackElo "2270"]
[PlyCount "81"]
[EventDate "2022.07.02"]
[EventType "swiss"]
[EventRounds "9"]
[EventCountry "IRL"]
[SourceTitle "CBM 209 Extra"]
[Source "ChessBase"]
[SourceDate "2022.09.30"]
[SourceVersion "1"]
[SourceVersionDate "2022.09.30"]
[SourceQuality "1"]

1. e4 e5 2. Nf3 Nc6 3. Bb5 a6 4. Ba4 Nf6 5. 0-0 b5 6. Bb3 Bc5 7. a4 Rb8 8. c3 d6 9. d4 Bb6 10. a5 Ba7 11. Be3 Ra8 12. h3 0-0 13. Nbd2 h6 14. Qc2 Re8 15. dxe5 Nxe5 16. Nxe5 dxe5 17. Rfe1 Bxe3 18. Rxe3 c5 19. c4 b4 20. Ba4 Re6 21. Nb3 Qc7 22. Rd1 Bb7 23. f3 Qe7 24. Red3 Bc6 25. Bxc6 Rxc6 26. Qd2 Rcc8 27. Rd6 Nh5 28. Rd7 Qf6 29. Rd6 Qe7 30. Qf2 Nf4 31. Kh2 Ne6 32. R1d5 Nd4 33. Nxd4 cxd4 34. f4 Rxc4 35. Rd7 Qe8 36. fxe5 Rac8 37. Qf5 Rc2 38. Rxd4 b3 39. Rd3 Rxb2 40. e6 fxe6 41. Rxg7+ 1-0

[Event "Catalunya-chT Gp2"]
[Site "Barcelona"]
[Date "2022.02.26"]
[Round "6.6"]
[White "Ryan, Joseph"]
[Black "Bofill Mas, Alejandro"]
[Result "1/2-1/2"]
[WhiteElo "2261"]
[BlackElo "2310"]
[PlyCount "97"]
[EventDate "2022.01.22"]
[EventType "team-tourn"]
[EventRounds "9"]
[EventCountry "ESP"]
[SourceTitle "CBM 208 Extra"]
[Source "ChessBase"]
[SourceDate "2022.07.31"]
[SourceVersion "1"]
[SourceVersionDate "2022.07.31"]
[SourceQuality "1"]
[WhiteTeam "Valls"]
[BlackTeam "Colon Sabadell"]
[WhiteTeamCountry "ESP"]
[BlackTeamCountry "ESP"]

1. e4 c5 2. Nf3 e6 3. d4 cxd4 4. Nxd4 Nf6 5. Nc3 d6 6. Be3 a6 7. Qd2 b5 8. f3 Bb7 9. a4 bxa4 10. Nxa4 Nbd7 11. Nb3 Qc7 12. Be2 d5 13. exd5 Nxd5 14. Bf2 Bb4 15. c3 Bd6 16. h3 0-0 17. 0-0 Rfd8 18. Rfd1 Bf4 19. Qd4 e5 20. Qc4 Qxc4 21. Bxc4 Ne3 22. Bxe3 Bxe3+ 23. Kf1 Nb6 24. Rxd8+ Rxd8 25. Nxb6 Bxb6 26. Bxa6 Bd5 27. c4 Be6 28. Ke2 Ra8 29. Kd3 Rd8+ 30. Kc3 Bc7 31. Bb7 e4 32. fxe4 Be5+ 33. Kb4 Bxb2 34. Ra8 Rxa8 35. Bxa8 Kf8 36. Bd5 Bc8 37. Nc5 Bd4 38. Nd3 f5 39. c5 g5 40. exf5 Bxf5 41. Kc4 Bg1 42. c6 Bxd3+ 43. Kxd3 Ke7 44. Ke4 h5 45. Ke5 h4 46. Be6 Be3 47. Bg4 Kd8 48. Kd6 Bf4+ 49. Kd5 1/2-1/2

[Event "Catalunya-chT Gp2"]
[Site "Barcelona"]
[Date "2022.02.12"]
[Round "4.6"]
[White "Ryan, Joseph"]
[Black "Lorenzo de la Riva, Lazaro"]
[Result "0-1"]
[WhiteElo "2261"]
[BlackElo "2429"]
[PlyCount "66"]
[EventDate "2022.01.22"]
[EventType "team-tourn"]
[EventRounds "9"]
[EventCountry "ESP"]
[SourceTitle "CBM 208 Extra"]
[Source "ChessBase"]
[SourceDate "2022.07.31"]
[SourceVersion "1"]
[SourceVersionDate "2022.07.31"]
[SourceQuality "1"]
[WhiteTeam "Valls"]
[BlackTeam "Barbera"]
[WhiteTeamCountry "ESP"]
[BlackTeamCountry "ESP"]

1. e4 e5 2. Nf3 Nc6 3. Bc4 Nf6 4. d3 Bc5 5. 0-0 d6 6. c3 a5 7. a4 0-0 8. Bg5 h6 9. Bh4 Ba7 10. Na3 g5 11. Nxg5 hxg5 12. Bxg5 Kg7 13. Kh1 Rh8 14. Qf3 Kg6 15. h4 Bg4 16. Qg3 Nxe4 17. Qxg4 Qxg5 18. Qxg5+ Nxg5 19. g3 Ne7 20. f4 Ne6 21. fxe5 dxe5 22. Bxe6 fxe6 23. Nc4 Nc6 24. Rae1 Rh5 25. d4 exd4 26. Rxe6+ Kg7 27. cxd4 Bxd4 28. Kg2 Rd8 29. Kh3 Bc5 30. Kg4 Rhd5 31. Rff6 Be7 32. Rg6+ Kf7 33. b3 Nd4 0-1

[Event "Catalunya-chT Gp2"]
[Site "Barcelona"]
[Date "2022.01.22"]
[Round "1.7"]
[White "Sole Gonzalez, Edgar"]
[Black "Ryan, Joseph"]
[Result "0-1"]
[WhiteElo "2028"]
[BlackElo "2261"]
[PlyCount "110"]
[EventDate "2022.01.22"]
[EventType "team-tourn"]
[EventRounds "9"]
[EventCountry "ESP"]
[SourceTitle "CBM 206 Extra"]
[Source "ChessBase"]
[SourceDate "2022.03.31"]
[SourceVersion "1"]
[SourceVersionDate "2022.03.31"]
[SourceQuality "1"]
[WhiteTeam "Lleida"]
[BlackTeam "Valls"]
[WhiteTeamCountry "ESP"]
[BlackTeamCountry "ESP"]

1. d4 d5 2. c4 e6 3. Nc3 Nf6 4. cxd5 exd5 5. Bg5 c6 6. e3 Be7 7. Nf3 h6 8. Bh4 Bf5 9. Bd3 Bxd3 10. Qxd3 Nbd7 11. 0-0 0-0 12. Rab1 a5 13. a3 Re8 14. Qc2 Ne4 15. Bxe7 Qxe7 16. Nxe4 dxe4 17. Nd2 a4 18. Rfc1 Nf6 19. Qc5 Qe6 20. h3 Red8 21. b3 Rd5 22. Qc4 axb3 23. Rxb3 c5 24. dxc5 Rxd2 25. Qxe6 fxe6 26. Rxb7 Rc8 27. c6 Kh7 28. a4 Rd6 29. c7 Nd5 30. Rc4 Rd7 31. Rxe4 Rcxc7 32. Rb8 Rc1+ 33. Kh2 Rd6 34. Rd4 Rdc6 35. Re8 Kg6 36. Kg3 Kf7 37. Rb8 R1c4 38. Rd2 Rxa4 39. Rb7+ Kg6 40. Kf3 Rac4 41. Ra7 Rc2 42. Ra2 Rxd2 43. Rxd2 Nf6 44. Ra2 e5 45. g3 Kf5 46. Ra7 g5 47. Ra2 h5 48. Rb2 Rc5 49. Ra2 e4+ 50. Kg2 Nd7 51. Rb2 Ne5 52. Ra2 Rc1 53. Ra8 Nf3 54. Ra5+ Ke6 55. Ra6+ Kd7 0-1

[Event "Barcelona IM 14th"]
[Site "Barcelona"]
[Date "2021.05.10"]
[Round "7"]
[White "Ryan, Joseph"]
[Black "Boyer, Mahel"]
[Result "0-1"]
[WhiteElo "2271"]
[BlackElo "2394"]
[PlyCount "83"]
[EventDate "2021.05.03"]
[EventType "tourn"]
[EventRounds "9"]
[EventCountry "ESP"]
[EventCategory "3"]
[SourceTitle "CBM 202 Extra"]
[Source "ChessBase"]
[SourceDate "2021.07.31"]
[SourceVersion "1"]
[SourceVersionDate "2021.07.31"]
[SourceQuality "1"]

1. Nf3 Nf6 2. c4 e6 3. g3 d5 4. Bg2 Be7 5. 0-0 0-0 6. b3 c5 7. Bb2 Nc6 8. cxd5 exd5 9. d4 b6 10. Nc3 Ba6 11. Re1 Rc8 12. Rc1 c4 13. Ne5 cxb3 14. Nxd5 Nxe5 15. Rxc8 Bxc8 16. Nxe7+ Qxe7 17. dxe5 Ng4 18. Qxb3 Qc5 19. e3 Be6 20. Qa4 b5 21. Qd1 Rc8 22. h3 Nxe5 23. Bd4 Qc7 24. Qb1 a6 25. Qe4 Nc4 26. Rc1 h6 27. Kh2 Qd7 28. Qd3 Rd8 29. Qc3 f6 30. Rd1 Rc8 31. Qe1 Qf7 32. Qe2 b4 33. Be4 a5 34. Bd3 Rb8 35. Rc1 Nd6 36. Rc6 Qd7 37. Ra6 a4 38. Qh5 b3 39. axb3 axb3 40. Bb2 Nc4 41. Bxc4 Bxc4 42. Ra1 0-1